Benediktinská klášterní knihovna v Broumově

Bibliographic Details
Main Author: Vlčková, Ludmila (Author)
Format: Book
Language:Czech
PhysicalDescription:86 s. 20 cm
Published: Hradec Králové Kruh 1969
Edition:1. vyd.
Series:Knihy a knihovny
Subjects:

MARC

LEADER 00000cam a2200000 a 4500
001 vtls010041380
003 SK-MaSNL
005 20260302044513.0
008 240314s1969 xr g 000 0 cze
020 |q (brožované) 
040 |a SNK  |b slo  |c SNK  |e AACR2 
041 0 |a cze 
043 |a e-xr---  |b e-xr-kr 
044 |a xr  |c CZ 
072 7 |a 027  |x Univerzálne knižnice. Verejné knižnice  |2 konspekt 
080 |a 027.2  |2 2011 
080 |a 025.171  |2 2011 
080 |a 09  |2 2011 
080 |a (437.313)  |2 2011 
100 1 |a Vlčková, Ludmila  |4 aut  |9 357069 
245 1 0 |a Benediktinská klášterní knihovna v Broumově  |c Ludmila Vlčková 
250 |a 1. vyd. 
260 |a Hradec Králové  |b Kruh  |c 1969 
300 |a 86 s.  |c 20 cm 
490 1 |a Knihy a knihovny. Řada A  |v sv. 1 
610 2 7 |a Broumovský klášter.  |b Knihovna  |2 SNKKA  |9 174802 
650 0 7 |a kláštorné knižnice  |2 SNKPH  |9 30496 
650 0 7 |a historické knižné fondy  |2 SNKPH  |9 71548 
650 0 7 |a vzácne knihy  |2 SNKPH  |9 66779 
650 0 7 |a Monastic libraries  |2 SNKPHeng  |9 340551 
650 0 7 |a Library holdings (stock)  |2 SNKPHeng  |9 335569 
650 0 7 |a Rare books  |2 SNKPHeng  |9 326657 
651 7 |a Broumov (Náchod, Česko)  |2 SNKPH  |9 182688 
830 0 |a Knihy a knihovny  |9 700394 
852 |a Štátna vedecká knižnica v Banskej Bystrici 
958 |a OND 
999 |c 1089939  |d 1091869 
952 |a SNK  |b SNK  |y VYP  |7 0  |p 17A0642184  |o snkID 51019  |i snkK 362/70  |8 3  |3 rekatalogizácia  |0 0  |1 0  |4 0  |d 2010-01-20  |l 0  |r 2026-02-24 16:54:15  |w 2026-02-24